| 000 | 01089nas a2200337 4500 | ||
|---|---|---|---|
| 001 | BR2013000877 | ||
| 003 | BR-BrBNA | ||
| 005 | 20231205121911.0 | ||
| 007 | ta | ||
| 008 | 230509b bl.|||p| |||| 00| 00por d | ||
| 040 |
_aBR-BrBNA _bpor _cBiblioteca Nacional de Agricultura |
||
| 041 | _a(Pt) | ||
| 072 | _aL73 | ||
| 100 | 1 | _aDias, J.D.C. | |
| 100 | 1 | _aignacchiti, M.D.C. | |
| 100 | 1 | _aGiuriato, P.G.G. | |
| 100 | 1 | _aNunes, L. de C. | |
| 100 | 1 | _aPereira Júnior, O. dos | |
| 245 | 1 | _aDetecção do papilomavírus bovino tipo 2 em bexigas de bovinos com hematúria enzoótica pela técnica de reação em cadeia de polimerase no sul do Espírito Santo, Brasil | |
| 650 | _aBOVINO | ||
| 650 | _aVÍRUS | ||
| 650 | _aBEXIGA | ||
| 650 | _aHEMATÚRIA | ||
| 650 | _aMICROSCOPIA | ||
| 650 | _aHISTOPATOLOGIA | ||
| 650 | _aNEOPLASIA | ||
| 650 | _aESPÍRITO SANTO | ||
| 773 | 0 |
_tRevista Brasileira de Medicina Veterinária (Brazil) _xISSN 0100-2430 _g(Apr-Jun 2012), v. 34(2) p. 146-151 _wBR2013000877 |
|
| 909 |
_a202311 _bLúcia _c55 _dLúcia Elande |
||
| 942 |
_2AGRIS _n0 _cANA |
||
| 999 |
_c225839 _d225839 |
||